Inflation and productivity

Gespeichert in:
Bibliographische Detailangaben
1. Verfasser: Buck, Andrew J.
Weitere Verfasser: Fitzroy, F.R
Format: Buch
Sprache:Englisch
Veröffentlicht: Berlin Internationales Institut für Management und Verwaltung 1982
Schriftenreihe:Discussion Papers IIM/IP 82-18
Tags: Tag hinzufügen
Keine Tags, Fügen Sie das erste Tag hinzu!

MARC

LEADER 00000nam a2200000 4500
001 c114431
005 20181203150327.2
041 0 |a eng 
044 |a DE 
245 1 0 |a Inflation and productivity  |c Andrew J. Buck, F.R. Fitzroy 
264 1 |a Berlin  |b Internationales Institut für Management und Verwaltung  |c 1982 
300 |a 44, 3 s. 
490 1 |a Discussion Papers  |v IIM/IP 82-18 
830 0 |a Discussion Papers  |v IIM/IP 82-18 
100 1 |a Buck, Andrew J. 
700 1 |a Fitzroy, F.R.